Nuevos indicadores para la determinación volumétrica de flouoruros con Cerio : III /

Guardado en:
Autor Principal: Casal, Alberto R.
Otros Autores: Namor, Angela F. D. de.
Formato: Libro
Idioma:Spanish
Etiquetas: Agregar Etiqueta
Sin Etiquetas, Sea el primero en etiquetar este registro!
LEADER 00470nam a22001335a 4500
001 EUN.um032425
003 AR-BaUNS
005 20050623122907.0
008 041125b########xx############000#0#spa#d
245 1 0 |a Nuevos indicadores para la determinación volumétrica de flouoruros con Cerio :  |b III /  |c Alberto R. Casal, Angela F. D. de Namor. 
100 1 |a Casal, Alberto R. 
700 1 |a Namor, Angela F. D. de. 
082 0 4 |a 545.5 
859 |a Ar-BaUNS  |b BIB. CENTRAL - Sector C  |h 545.5  |i C261  |p 57637/970